000 00578nam a2200169 i 4500
001 35303
003 ES-MaACL
005 20230906155112.0
007 t|
008 030212s1963 sp ||||1| spa d
100 1 _aBorges, Ana Dolores.
_930457
245 1 0 _aAlvarez Abreu y su extraordinaria misión en Indias /
_cAnalola Borges.
260 _aSanta Cruz de Tenerife :
_b[Instituto de Estudios Hispánicos de Canarias],
_c1963.
300 _a210 p., 5 lám. ;
_c23 cm.
710 2 _aInstituto de Estudios Hispánicos de Canarias.
_94907
852 _aES-MaACL
_jC-26273
_bR.54581
999 _c35303
_d35303